000 00505nam a2200181Ia 4500
005 20250508154553.0
008 008 250505s9999 xx 000 0 eng d
037 _aTextual
040 _aFEDL
_beng
_cFEDL
041 _aeng
_2eng
084 _a401, ROS
_qFEDL
100 _aRosenberg Sheldon Ed.
_968849
245 0 _aDirections in psycholinguistics
260 _aNew York, USA
_bThe Macmillan Company
_c1965
300 _a260p.
942 _cTEXL
_h401, ROS
999 _c1350950
_d1350950